| 000 | 00396cam a2200157ua 4500 | ||
|---|---|---|---|
| 041 |
_aeng _h |
||
| 082 |
_a635 _bDEN/PR |
||
| 100 | _aDenisen, Ervin L . | ||
| 245 |
_aPrinciples of horticulture / _cErvin L Denisen. _hTextual Documents |
||
| 250 |
_a1 / _b. |
||
| 260 |
_aNewyork : _bMacmillan publishing co. , _c1979. |
||
| 300 | _a481 ; . | ||
| 504 | _a | ||
| 942 | _cBK | ||
| 999 |
_c9457 _d9457 |
||